Statistics for New Zealand Cities Click Quiz

Click here to take the quiz!

General Stats

  • This quiz has been taken 218 times
  • The average score is 11 of 25

Answer Stats

HintAnswer% Correct
Has the Highest Population in New ZealandAuckland
83%
Is the Southernmost Capital City in the WorldWellington
83%
Was the Host City of the 2019 Mosque Terrorist AttackChristchurch
71%
Has the Highest Population in South IslandChristchurch
70%
Was the Host City of 2011 Magnitude 6.7 EarthquakeChristchurch
66%
Home of Southern Hemisphere’s Tallest StructureAuckland
65%
Has a Very Strong Sulphuric Smell Throughout the CityRotorua
58%
Is Located on the Cook StraitWellington
52%
Was the Host City of 2021 America’s CupAuckland
50%
Is Dubbed the Adventure Capital of New ZealandQueenstown
50%
Is Home to New Zealand’s Only CastleDunedin
47%
Is Named After Someone Who Has a Type of Footwear Named After ThemWellington
45%
Was Named the Best City in the World to Travel to in 2022Auckland
39%
Is located in the Waikato RegionHamilton
37%
Home of Te Papa MuseumWellington
36%
Has the 4th Highest Population in New ZealandHamilton
35%
Is Located on Lake WakatipuQueenstown
34%
Is Home to the Visual Effects Studio That was used for Avatar, and other Marvel MoviesWellington
34%
Located on New Zealand’s Longest RiverHamilton
33%
Is Located Near the Lord of the Rings and Hobbiton Move SetsHamilton
32%
Was Previously Home to a Cadbury Chocolate FactoryDunedin
31%
Has the Highest Land Area in New ZealandAuckland
28%
Is Located Near one of the Only/Largest Visible Natural Circles from SpaceNew Plymouth
27%
Was the Host City of the 1974 Commonwealth GamesChristchurch
26%
Is Home to the Largest Playground in the Southern HemisphereChristchurch
14%

Score Distribution

Percentile by Number Answered

Percent of People with Each Score

Your Score History

You have not taken this quiz